Recordar la Fundación, Celebrar el Futuro : (Record no. 10060)

MARC details
000 -LEADER
campo de control de longitud fija 00417nam a2200121Ia 4500
005 - FECHA Y HORA DE LA ÚLTIMA TRANSACCIÓN
campo de control 20260328104246.0
008 - DATOS DE LONGITUD FIJA--INFORMACIÓN GENERAL
campo de control de longitud fija 260328s9999||||xx |||||||||||||| ||und||
100 ## - ENTRADA PRINCIPAL--NOMBRE DE PERSONA
Nombre de persona Domínguez Torres, Mario Alberto
245 #0 - MENCIÓN DEL TÍTULO
Título Recordar la Fundación, Celebrar el Futuro :
Resto del título 1938. El cuarto centenario de Bogotá. /
Mención de responsabilidad, etc. Mario Alberto Domínguez Torres
260 ## - PUBLICACIÓN, DISTRIBUCIÓN, ETC.
Nombre del editor, distribuidor, etc. Universidad Católica de Colombia
650 ## - PUNTO DE ACCESO ADICIONAL DE MATERIA--TÉRMINO DE MATERIA
Término de materia o nombre geográfico como elemento de entrada HISTORIA
942 ## - ELEMENTOS DE ENTRADA SECUNDARIOS (KOHA)
Tipo de ítem Koha Libros

No items available.